Unbekannte Schubert-Dokumente aus Breslau

Titel: Unbekannte Schubert-Dokumente aus Breslau / von Till Gerrit Waidelich
Verfasser:
Veröffentlicht: Stuttgart : Franz Steiner Verl., 2008
Umfang: S. [17] - 48 : Ill.
Format: Buch
Sprache: Deutsch
Kein Bild verfügbar
X
Lokale Klassifikation: 2 S 265 ; 14 8 B 748 ; 14 8 B 851 ; 14 9 H ; 14 15 Q
alg: 22034466
001A    $03004:04-02-10 
001B    $01999:03-06-23 $t04:44:26.000 
001C    $03004:04-02-10 $t08:33:03.000 
001D    $03004:04-02-10 
001U    $0utf8 
001X    $00 
002@    $0Aau 
003@    $0220344663 
003O    $0602962695 $aOCoLC 
007A    $0220344663 $aHEB 
007T    $0Herdhh220344663 
010@    $ager 
011@    $a2008 
013H    $0z 
021A    $aUnbekannte Schubert-Dokumente aus Breslau $hvon Till Gerrit Waidelich 
028A    $7 $8Waidelich, Till Gerrit [Tnd] $9146856031 
033A    $pStuttgart $nFranz Steiner Verl. 
034D    $aS. [17] - 48 
034M    $aIll. 
045F    $a780.94385 $eDDC23BSB 
045F/01 $a780 
045F/03 $g4385 
045G    $a306.09438509034 $eDDC23BSB 
045G/01 $a306.09 
045G/03 $f09034 
045G/03 $g4385 
045H    $a792.094385 $eDDC23BSB 
045H/01 $a792 
045H/03 $g4385 
046L    $aSonderdruck aus: Schubert-Perspektiven, 8(2008),1 

lok: 22034466 24
101B    $004-08-10 $t14:38:30.000 
101C    $004-08-10 
101U    $0utf8 
145Z/01 $a2 S 265 
145Z/02 $a14 8 B 748 
145Z/03 $a14 8 B 851 
145Z/04 $a14 9 H 
145Z/05 $a14 15 Q 

exp: 22034466 24 1 #EPN
201B/01 $004-08-10 $t14:38:30.000 
201C/01 $004-02-10 
201U/01 $0utf8 
203@/01 $0588082015 
208@/01 $a04-08-10 $bz 
209A/01 $aS 23897 $du $f050 $hS 23897 $x00 
209C/01 $a10.0325 G $h10 0325 G 
209G/01 $a72240405 $x00 
220C/01 $ahae 
244Z/01 $#Schubert, Franz Anton $#Schubert, ... $#Schubert, François $#Schubert, Franz Xaver $7103805850 $8--Tp1--Schubert, Franz$Z1808-1878 $x01 $913916314X 
247C/01 $8358050-7 Marburg, Bibliothek des Herder-Instituts Marburg $9102600961 

lok: 22034466 78

exp: 22034466 78 1 #EPN
201B/01 $020-11-17 $t23:20:34.000 
201U/01 $0utf8 
203@/01 $0792922042 
208@/01 $a12-11-16 $be 
209A/01 $a/ $f000 $x00 
220C/01 $aAnmerkung: *ng 
237A/01 $aSonderdruck aus: Schubert-Perspektiven, 8(2008),1. - weiterführende Signatur(en): Herder-Institut: S 23897 
244Z/01 $2Trx $#Silesia $#Śląsk $#Sliezsko $#Slezsko $8--Trx--Schlesien $x01 $9391173987 
244Z/01 $#Breslau $#Wrocław $#Wrotizla $#Breßlau $#Breßlaw $#Vroclav $#Vratislav $#Vratislavia $#Vratislauiae $#Bresslau $#Wratislavia $#Brassel $#Bresla $#Wratislava $#Smirna $#Breslavia $#Wroclaw $74008216-7 $8--Tg1--Breslau $x02 $9085014184 
244Z/01 $2Trx $8--Trx--Monographie $x03 $9391384546 
245Z/01 $a11.12 $x01 
247C/01 $82080>Marburg/Lahn, Herder-Institut, Forschungsbibliothek, Bibliographieportal $9336309341
LEADER 00000cam a2200000 c 4500
001 220344663
003 DE-603
005 20230603044426.0
007 tu
008 100204s2008 xx |||| | u00||u|ger c
035 |a (DE-599)HEB220344663 
035 |a (OCoLC)602962695 
040 |a DE-603  |b ger  |c DE-603  |d DE-603 
041 |a ger 
082 0 4 |8 1\u  |a 780.94385  |q DE-101  |2 23/BSB 
083 0 |8 2\u  |a 306.09438509034  |q DE-101  |2 23/BSB 
083 0 |8 3\u  |a 792.094385  |q DE-101  |2 23/BSB 
085 |8 1\u  |b 780 
085 |8 1\u  |z 2  |s 4385 
085 |8 2\u  |b 306.09 
085 |8 2\u  |z 1  |s 09034 
085 |8 2\u  |z 2  |s 4385 
085 |8 3\u  |b 792 
085 |8 3\u  |z 2  |s 4385 
100 1 |a Waidelich, Till Gerrit  |0 (DE-603)146856031 
245 0 0 |a Unbekannte Schubert-Dokumente aus Breslau  |c von Till Gerrit Waidelich 
264 1 |a Stuttgart  |b Franz Steiner Verl.  |c 2008 
300 |a S. [17] - 48  |b Ill. 
546 |a Sonderdruck aus: Schubert-Perspektiven, 8(2008),1 
924 0 |9 Mb 50  |a (DE-603)588082015  |b DE-Mb50  |c HES  |d c  |g S 23897 
924 0 |9 2080  |a (DE-603)792922042  |b DE-2080  |c HES  |d d  |g /